00649nam a22001697a 4500003000500000038001800005082000800023100001900031245013000050264003700180650004500217700004300262856005700305942001200362999001900374952008600393NUST aNusrat Nadeem a200 aAyesha Aslam,  aPerformance Evaluation of Green Nanomaterial Assisted Microbial Electrolysis Cell for Biohydrogen Production /cAslam, Ayesha aIslamabad:bUSPCAS-E NUSTc2026. aPhD-Energy Systems Engineering 9123158 aSupervisor: Dr. Rabia Liaquat 9117022 uhttp://10.250.8.41:8080/xmlui/handle/123456789/57304 2ddccSC c616397d616397 00104070aCLbCLcTHEd2026-02-24l0o200pCLPT-810r2026-02-24w2026-02-24ySC